| 000 | 00659nam a2200205 a 4500 | ||
|---|---|---|---|
| 008 | 951123s1985||||[C 0 slo c | ||
| 020 |
_c27 Kčs. _q(10000 výtl.) |
||
| 040 |
_aSNK _bslo _cSNK _eAACR2 |
||
| 041 | 1 |
_aslo _hslo |
|
| 044 |
_axo _cSK |
||
| 080 | _a885.4-3 | ||
| 100 | 1 |
_aFerko, Milan _4aut |
|
| 245 | 1 | 0 |
_aSvätopluk a Metod _bOheň života, oheň skazy _cMilan Ferko ; Eva Kovačevičová |
| 250 | _a1., vyd. | ||
| 260 |
_aBratislava _bSlovenský spisovateľ _c1985 _eBratislava _fPravda |
||
| 300 |
_a358 s., 26, 14 AH _c25 cm |
||
| 500 | _aFaksim. na front. Mimo edície. Pozn. a vysvetl. | ||
| 700 | 1 |
_aKovačevičová, Eva _4bkd |
|
| 958 | _aA | ||
| 999 |
_c10423 _d10423 |
||